000 00615nam a2200181Ia 4500
003 GCL
008 140319s9999 xx 000 0 ara d
040 _aGCL /
_cGCL
082 0 4 _a210.8
_bد م
100 1 _aمحمد ضيف الله بطاينة
245 1 0 _aدراسات وبحوث فى جوانب من التاريخ الاسلامى /
_cمحمد ضيف الله بطاينة
260 _a[S.N] :
_bمكتبة المنار ،
_c1986
300 _a266
490 _aالسلسلة الشعرية الثانية
_v0
650 0 4 _aالاسلام
650 0 4 _aمقالات ومحاضرات
942 _2ddc
_cBK
999 _c54120
_d54120